|
|
|
|
| LEADER |
01061Cam#a2200301#a#4500 |
| 001 |
021891 |
| 003 |
AR-BeUNQ |
| 005 |
20191121103126.0 |
| 008 |
100819s1991####ag o g#b #000|0dspa#d |
| 999 |
|
|
|c 21238
|d 96625
|
| 020 |
|
|
|a 9509837032
|
| 040 |
|
|
|a AR-BeUNQ
|e aacr
|
| 082 |
0 |
4 |
|a 778.982/224
|2 21
|
| 245 |
0 |
0 |
|a Archivo fotográfico del ferrocarril de Santa Fe, 1891-19948 /
|c [investigación y selección de fotografías: Luis Priamo ; textos: Ezequiel Gallo, Luis Priamo y Andrés Regalsky].
|
| 260 |
|
|
|a Buenos Aires :
|b Fundación Antorchas,
|c 1991.
|
| 300 |
|
|
|a 91 p. :
|b il. ;
|c 24 X 26 cm.
|
| 504 |
|
|
|a Incluye referencias bibliográficas.
|
| 592 |
|
|
|a Fondo Reservado
|
| 610 |
2 |
4 |
|a Ferrocarril de Santa Fe (Argentina).
|
| 650 |
|
7 |
|a Ferroviarios
|2 spines
|
| 650 |
|
7 |
|a Fotografía
|2 spines
|
| 651 |
|
7 |
|a Argentina
|2 spines
|
| 653 |
|
|
|a Historia argentina
|
| 700 |
1 |
|
|a Priamo, Luis
|
| 700 |
1 |
|
|a Gallo, Ezequiel
|
| 700 |
1 |
|
|a Regalsky, Andrés
|
| 929 |
|
|
|a DONACION
|b Luis Priamo
|d 0
|e 20100630
|f PAT00
|g 1573 Exp. 827-0387/98
|j 45223
|
| 942 |
|
|
|c LIB
|n 0
|